Cyber intelligence: Actors, policies and practices (Record no. 1679884)

MARC details
000 -LEADER
fixed length control field 00729 a2200229 4500
005 - DATE AND TIME OF LATEST TRANSACTION
control field 20260330122012.0
008 - FIXED-LENGTH DATA ELEMENTS--GENERAL INFORMATION
fixed length control field 260330b |||||||| |||| 00| 0 eng d
020 ## - INTERNATIONAL STANDARD BOOK NUMBER
International Standard Book Number 9781626379664
037 ## - SOURCE OF ACQUISITION
Terms of availability TB
040 ## - CATALOGING SOURCE
Original cataloging agency CRL
Transcribing agency CRL
041 ## - LANGUAGE CODE
Source of code eng
Language code of text/sound track or separate title eng
084 ## - COLON CLASSIFICATION NUMBER
Classification number D65,8(B):71:894 R2
Assigning agency CRL
100 ## - MAIN ENTRY--PERSONAL NAME
Personal name Uthoff, Constance S.
9 (RLIN) 1116096
245 ## - TITLE STATEMENT
Title Cyber intelligence: Actors, policies and practices
260 ## - PUBLICATION, DISTRIBUTION, ETC.
Place of publication, distribution, etc. London:
Name of publisher, distributor, etc. Lynne rienner publisher,
Date of publication, distribution, etc. 2022.
300 ## - PHYSICAL DESCRIPTION
Extent 441p.
365 ## - TRADE PRICE
Price amount 45.00
Currency code USD
650 ## - SUBJECT ADDED ENTRY--TOPICAL TERM
Topical term or geographic name entry element Computer Network
9 (RLIN) 554305
650 ## - SUBJECT ADDED ENTRY--TOPICAL TERM
Topical term or geographic name entry element Computer Security
9 (RLIN) 851076
942 ## - ADDED ENTRY ELEMENTS (KOHA)
Koha item type General Books
Source of classification or shelving scheme Colon Classification (CC)
Classification part D65,8(B):71:894 R2
Holdings
Withdrawn status Lost status Source of classification or shelving scheme Damaged status Not for loan Home library Current library Date acquired Source of acquisition Cost, normal purchase price Inventory number Total Checkouts Full call number Barcode Date last seen Cost, replacement price Price effective from Koha item type
    Colon Classification (CC)     Central Library Central Library 2026-03-30 27 Elite Pub. Dist. 2857.37 1522/16/2/26   D65,8(B):71:894 R2 CL1926429 2026-02-18 4081.95 2026-02-18 Textbook
Copyright @ Delhi University Library System